| 000 | 00621nam a2200217 i 4500 | ||
|---|---|---|---|
| 001 | 175509 | ||
| 003 | ES-MaACL | ||
| 005 | 20230906215835.0 | ||
| 007 | t| | ||
| 008 | 101103s2009 sp |||| | spa d | ||
| 020 | _a978-84-934762-6-7 | ||
| 080 | _a821.134.2"19"(082.2) | ||
| 080 | _a211(0:82) | ||
| 245 | 0 | 0 | _aCertamen de literatura atea (2009). |
| 250 | _a1ª ed. | ||
| 260 |
_aLa Laguna (Tenerife) : _bBiblioteca Social La Colmena, _c2009. |
||
| 300 |
_a69 p. ; _c21 cm. |
||
| 650 | 4 |
_aLiteratura española- _yS.XX. _9148763 |
|
| 650 | 4 |
_aAteísmo- _xEn la literatura. _9144097 |
|
| 852 |
_aES-MaACL _j2264-F-14 |
||
| 999 |
_c175509 _d175509 |
||